000 00500nam a2200145Ia 4500
008 210716s2018 xx 000 0 und d
020 _a9789352137053
041 _aeng
082 _a621.3821 MANR
100 _aManza, Ramesh R;Patil, Dnyaneshwari D;Rajput, Yogesh M;Kamble, Anupriya;Gawhale, Sushil.
245 _aIPhone and android mobile app for detecting the diabetic retinopathy.
250 _a1
260 _aNew Delhi
_bShroff Publishers and Distributors Pvt Ltd
_c2018
300 _axiv,313
999 _c196877
_d196877